Η Ελλάς κατά την τελευταίαν εικοσιπενταετίαν
Αποθηκεύτηκε σε:
| Κύριος συγγραφέας: | |
|---|---|
| Μορφή: | Βιβλίο |
| Γλώσσα: | Greek |
| Δημοσίευση: |
Αθήνα :
1939
|
| Θέματα: | |
| Ετικέτες: |
Προσθήκη ετικέτας
Δεν υπάρχουν, Καταχωρήστε ετικέτα πρώτοι!
|
MARC
| LEADER | 00000nam a2200000 i 4500 | ||
|---|---|---|---|
| 001 | 1/100451 | ||
| 008 | 950404s1939 gre d | ||
| 035 | |l 10011705 | ||
| 040 | |a GR-MY-UA |b gre |e aacr | ||
| 041 | 0 | |a gre | |
| 082 | 0 | |a 938.7 | |
| 100 | 1 | |a Φεσσόπουλος, Γ. Θ. | |
| 245 | 1 | 2 | |a Η Ελλάς κατά την τελευταίαν εικοσιπενταετίαν / |c Γ. θ. Φεσσοπούλου |
| 260 | |a Αθήνα : |c 1939 | ||
| 300 | |a 319 σ. | ||
| 506 | 1 | |a Μόνο για ανάγνωση. |c Βρίσκεται σε κλειστή συλλογή. Διαθέσιμο εάν ζητηθεί. | |
| 651 | 0 | |a Greece |x Social conditions |y 20th century. | |
| 651 | 0 | |a Greece |x History |y 20th century. | |
| 852 | |a INST |b LESVOS |e 19950417 |h 938.7 ΦΕΣ |p 005100001525 |q 005100001525 |t BK |y 600 | ||
| 852 | |a INST |b LESVOS |e 19950404 |h 938.7 ΦΕΣ |p 005100001849 |q 005100001849 |t BK |y 600 | ||
| 909 | |a Λ |b 022899 | ||
| 909 | |a Λ |b 040002 | ||
| 920 | |a ΔΩΡΕΑ ΒΙΒΛΙΟΘΗΚΗΣ |y ΛΕΣΒΟΣ |z 1991-07 | ||
| 970 | |z 2000/05/ΟΙΚΟΝΟΜΟΠΟΥΛΟΥ ΧΡΙΣΤΙΝΑ | ||